| 000 -LEADER |
| fixed length control field |
00590cam a2200193 a 4500 |
| 005 - DATE AND TIME OF LATEST TRANSACTION |
| control field |
20131029065005.0 |
| 008 - FIXED-LENGTH DATA ELEMENTS--GENERAL INFORMATION |
| fixed length control field |
970923s1989 au a f000 0 eng |
| 041 1# - LANGUAGE CODE |
| Language code of text/sound track or separate title |
eng |
| 080 ## - UNIVERSAL DECIMAL CLASSIFICATION NUMBER |
| Field link and sequence number |
328 |
| Common auxiliary subdivision |
(436) |
| 130 0# - |
| -- |
Österreichische Parlament. |
| -- |
English. |
| 245 14 - TITLE STATEMENT |
| Title |
The Austrian Parliament. |
| 260 ## - |
| -- |
Vienna : |
| -- |
Parliamentary Administration, |
| -- |
1989. |
| 300 ## - |
| -- |
58 p. : |
| -- |
ill. (some col.) ; |
| -- |
20 cm. |
| 500 ## - |
| -- |
Errata slip inserted. |
| 610 10 - |
| -- |
Austria |
| -- |
Parlamenti |
| 650 #0 - |
| -- |
Historia konstitucionale |
| -- |
Austria |
| 710 1# - |
| -- |
Austria. |
| -- |
Parlamentsdirektion. |
| 942 ## - ADDED ENTRY ELEMENTS (KOHA) |
| Source of classification or shelving scheme |
|
| Item type |
Books |